LS Constituencies of Madhya Pradesh - Statistics

General Stats
  • This quiz has been taken 16 times
  • The average score is 15 of 29
Answer Stats
Answer % Correct
Bhopal
100%
Gwalior
100%
Jabalpur
100%
Indore
93%
Sagar
86%
Ujjain
86%
Chhindwara
64%
Dewas
64%
Guna
64%
Morena
64%
Rewa
64%
Satna
64%
Vidisha
64%
Bhind
57%
Ratlam
57%
Narmadapuram
43%
Balaghat
36%
Betul
29%
Damoh
29%
Khajuraho
29%
Khandwa
29%
Shahdol
29%
Tikamgarh
29%
Dhar
21%
Khargone
21%
Sidhi
14%
Mandla
7%
Mandsaur
7%
Rajgarh
7%
No matching quizzes found
Score Distribution
Percent of People with Each Score
Percentile by Number Answered
Your Score History
You have not taken this quiz